<?xml version="1.0" encoding="UTF-8"?>
<record
    xmlns:xsi="http://www.w3.org/2001/XMLSchema-instance"
    xsi:schemaLocation="http://www.loc.gov/MARC21/slim http://www.loc.gov/standards/marcxml/schema/MARC21slim.xsd"
    xmlns="http://www.loc.gov/MARC21/slim">

  <leader>00940nas a2200253 454500</leader>
  <controlfield tag="001">27887</controlfield>
  <controlfield tag="005">20260407193507.0</controlfield>
  <controlfield tag="008">260407s1995####ag###########|||spa#d</controlfield>
  <controlfield tag="003">AR-UNSa-BCEJYS</controlfield>
  <datafield tag="040" ind1=" " ind2=" ">
    <subfield code="a">AR-UNSa-BCEJYS</subfield>
    <subfield code="b">spa</subfield>
    <subfield code="c">AR-UNSa-BCEJYS</subfield>
  </datafield>
  <datafield tag="080" ind1=" " ind2=" ">
    <subfield code="a">336.74</subfield>
    <subfield code="x">Moneda. Sistema monetario</subfield>
  </datafield>
  <datafield tag="245" ind1="1" ind2="0">
    <subfield code="a">Bolet&#xED;n monetario y financiero</subfield>
  </datafield>
  <datafield tag="022" ind1=" " ind2=" ">
    <subfield code="a">1667-9563</subfield>
  </datafield>
  <datafield tag="264" ind1=" " ind2="1">
    <subfield code="a">Buenos Aires :</subfield>
    <subfield code="b">Banco Central de la Rep&#xFA;blica Argentina</subfield>
    <subfield code="c">1995</subfield>
  </datafield>
  <datafield tag="310" ind1=" " ind2=" ">
    <subfield code="a">Frecuencia: Bimestral
A partir del a&#xF1;o 1996 pasa a Trimestral</subfield>
  </datafield>
  <datafield tag="942" ind1=" " ind2=" ">
    <subfield code="c">SER</subfield>
  </datafield>
  <datafield tag="590" ind1=" " ind2=" ">
    <subfield code="a">niveau_biblio:s niveau_hierar:1</subfield>
  </datafield>
  <datafield tag="100" ind1="1" ind2=" ">
    <subfield code="a">Kiguel, Miguel A.</subfield>
  </datafield>
  <datafield tag="700" ind1="1" ind2=" ">
    <subfield code="a">Banco Central de la Rep&#xFA;blica Argentina. Area de Econom&#xED;a y Finanzas</subfield>
  </datafield>
  <datafield tag="650" ind1=" " ind2=" ">
    <subfield code="a">Instituciones financieras</subfield>
  </datafield>
  <datafield tag="650" ind1=" " ind2=" ">
    <subfield code="a">Moneda</subfield>
  </datafield>
  <datafield tag="650" ind1=" " ind2=" ">
    <subfield code="a">Pol&#xED;tica monetaria</subfield>
  </datafield>
  <datafield tag="856" ind1="4" ind2="1">
    <subfield code="u">https://biblioeco.unsa.edu.ar/pmb/images/revistas/Boletin Monetario y Financiero-r13515.jpg</subfield>
    <subfield code="y">Imagen de portada</subfield>
    <subfield code="q">image/jpeg</subfield>
  </datafield>
  <datafield tag="999" ind1=" " ind2=" ">
    <subfield code="c">8628</subfield>
    <subfield code="d">8628</subfield>
  </datafield>
  <datafield tag="952" ind1=" " ind2=" ">
    <subfield code="0">0</subfield>
    <subfield code="1">0</subfield>
    <subfield code="4">0</subfield>
    <subfield code="7">0</subfield>
    <subfield code="a">BCEJYS</subfield>
    <subfield code="b">BCEJYS</subfield>
    <subfield code="c">17</subfield>
    <subfield code="d">2002-01-01</subfield>
    <subfield code="h">N&#xBA; 1/12 - ene./dic. 2002</subfield>
    <subfield code="l">0</subfield>
    <subfield code="o">H336.74 BOL 1/12.2002</subfield>
    <subfield code="p">R13535</subfield>
    <subfield code="r">2026-04-10 16:08:40</subfield>
    <subfield code="w">2026-04-10</subfield>
    <subfield code="y">RN</subfield>
  </datafield>
  <datafield tag="952" ind1=" " ind2=" ">
    <subfield code="0">0</subfield>
    <subfield code="1">0</subfield>
    <subfield code="4">0</subfield>
    <subfield code="7">0</subfield>
    <subfield code="a">BCEJYS</subfield>
    <subfield code="b">BCEJYS</subfield>
    <subfield code="c">17</subfield>
    <subfield code="d">2001-04-01</subfield>
    <subfield code="h">2&#xBA; trim. - abr./jun. 2001</subfield>
    <subfield code="l">0</subfield>
    <subfield code="o">H336.74 BOL 2.2001</subfield>
    <subfield code="p">R13534</subfield>
    <subfield code="r">2026-04-10 16:08:40</subfield>
    <subfield code="w">2026-04-10</subfield>
    <subfield code="y">RN</subfield>
  </datafield>
  <datafield tag="952" ind1=" " ind2=" ">
    <subfield code="0">0</subfield>
    <subfield code="1">0</subfield>
    <subfield code="4">0</subfield>
    <subfield code="7">0</subfield>
    <subfield code="a">BCEJYS</subfield>
    <subfield code="b">BCEJYS</subfield>
    <subfield code="c">17</subfield>
    <subfield code="d">2001-01-01</subfield>
    <subfield code="h">1&#xBA; trim. - ene./mar. 2001</subfield>
    <subfield code="l">0</subfield>
    <subfield code="o">H336.74 BOL 1.2001</subfield>
    <subfield code="p">R13533</subfield>
    <subfield code="r">2026-04-10 16:08:40</subfield>
    <subfield code="w">2026-04-10</subfield>
    <subfield code="y">RN</subfield>
  </datafield>
  <datafield tag="952" ind1=" " ind2=" ">
    <subfield code="0">0</subfield>
    <subfield code="1">0</subfield>
    <subfield code="4">0</subfield>
    <subfield code="7">0</subfield>
    <subfield code="a">BCEJYS</subfield>
    <subfield code="b">BCEJYS</subfield>
    <subfield code="c">17</subfield>
    <subfield code="d">2000-10-01</subfield>
    <subfield code="h">4&#xBA; trim. - oct./dic. 2000</subfield>
    <subfield code="l">0</subfield>
    <subfield code="o">H336.74 BOL 4.2000</subfield>
    <subfield code="p">R13532</subfield>
    <subfield code="r">2026-04-10 16:08:41</subfield>
    <subfield code="w">2026-04-10</subfield>
    <subfield code="y">RN</subfield>
  </datafield>
  <datafield tag="952" ind1=" " ind2=" ">
    <subfield code="0">0</subfield>
    <subfield code="1">0</subfield>
    <subfield code="4">0</subfield>
    <subfield code="7">0</subfield>
    <subfield code="a">BCEJYS</subfield>
    <subfield code="b">BCEJYS</subfield>
    <subfield code="c">17</subfield>
    <subfield code="d">2000-07-01</subfield>
    <subfield code="h">3&#xBA; trim. - jul./sep. 2000</subfield>
    <subfield code="l">0</subfield>
    <subfield code="o">H336.74 BOL 3.2000</subfield>
    <subfield code="p">R13531</subfield>
    <subfield code="r">2026-04-10 16:08:41</subfield>
    <subfield code="w">2026-04-10</subfield>
    <subfield code="y">RN</subfield>
  </datafield>
  <datafield tag="952" ind1=" " ind2=" ">
    <subfield code="0">0</subfield>
    <subfield code="1">0</subfield>
    <subfield code="4">0</subfield>
    <subfield code="7">0</subfield>
    <subfield code="a">BCEJYS</subfield>
    <subfield code="b">BCEJYS</subfield>
    <subfield code="c">17</subfield>
    <subfield code="d">2000-01-01</subfield>
    <subfield code="h">1&#xBA; trim. - ene./mar. 2000</subfield>
    <subfield code="l">0</subfield>
    <subfield code="o">H336.74 BOL 1.2000</subfield>
    <subfield code="p">R13530</subfield>
    <subfield code="r">2026-04-10 16:08:41</subfield>
    <subfield code="w">2026-04-10</subfield>
    <subfield code="y">RN</subfield>
  </datafield>
  <datafield tag="952" ind1=" " ind2=" ">
    <subfield code="0">0</subfield>
    <subfield code="1">0</subfield>
    <subfield code="4">0</subfield>
    <subfield code="7">0</subfield>
    <subfield code="a">BCEJYS</subfield>
    <subfield code="b">BCEJYS</subfield>
    <subfield code="c">17</subfield>
    <subfield code="d">1999-10-01</subfield>
    <subfield code="h">4&#xBA; trim. - oct./dic. 1999</subfield>
    <subfield code="l">0</subfield>
    <subfield code="o">H336.74 BOL 4.1999</subfield>
    <subfield code="p">R13529</subfield>
    <subfield code="r">2026-04-10 16:08:41</subfield>
    <subfield code="w">2026-04-10</subfield>
    <subfield code="y">RN</subfield>
  </datafield>
  <datafield tag="952" ind1=" " ind2=" ">
    <subfield code="0">0</subfield>
    <subfield code="1">0</subfield>
    <subfield code="4">0</subfield>
    <subfield code="7">0</subfield>
    <subfield code="a">BCEJYS</subfield>
    <subfield code="b">BCEJYS</subfield>
    <subfield code="c">17</subfield>
    <subfield code="d">1999-07-01</subfield>
    <subfield code="h">3&#xBA; trim. - jul./sep. 1999</subfield>
    <subfield code="l">0</subfield>
    <subfield code="o">H336.74 BOL 3.1999</subfield>
    <subfield code="p">R13528</subfield>
    <subfield code="r">2026-04-10 16:08:41</subfield>
    <subfield code="w">2026-04-10</subfield>
    <subfield code="y">RN</subfield>
  </datafield>
  <datafield tag="952" ind1=" " ind2=" ">
    <subfield code="0">0</subfield>
    <subfield code="1">0</subfield>
    <subfield code="4">0</subfield>
    <subfield code="7">0</subfield>
    <subfield code="a">BCEJYS</subfield>
    <subfield code="b">BCEJYS</subfield>
    <subfield code="c">17</subfield>
    <subfield code="d">1999-04-01</subfield>
    <subfield code="h">2&#xBA; trim. - abr./jun. 1999</subfield>
    <subfield code="l">0</subfield>
    <subfield code="o">H336.74 BOL 2.1999</subfield>
    <subfield code="p">R13527</subfield>
    <subfield code="r">2026-04-10 16:08:41</subfield>
    <subfield code="w">2026-04-10</subfield>
    <subfield code="y">RN</subfield>
  </datafield>
  <datafield tag="952" ind1=" " ind2=" ">
    <subfield code="0">0</subfield>
    <subfield code="1">0</subfield>
    <subfield code="4">0</subfield>
    <subfield code="7">0</subfield>
    <subfield code="a">BCEJYS</subfield>
    <subfield code="b">BCEJYS</subfield>
    <subfield code="c">17</subfield>
    <subfield code="d">1999-01-01</subfield>
    <subfield code="h">1&#xBA; trim. - ene./mar. 1999</subfield>
    <subfield code="l">0</subfield>
    <subfield code="o">H336.74 BOL 1.1999</subfield>
    <subfield code="p">R13526</subfield>
    <subfield code="r">2026-04-10 16:08:41</subfield>
    <subfield code="w">2026-04-10</subfield>
    <subfield code="y">RN</subfield>
  </datafield>
  <datafield tag="952" ind1=" " ind2=" ">
    <subfield code="0">0</subfield>
    <subfield code="1">0</subfield>
    <subfield code="4">0</subfield>
    <subfield code="7">0</subfield>
    <subfield code="a">BCEJYS</subfield>
    <subfield code="b">BCEJYS</subfield>
    <subfield code="c">17</subfield>
    <subfield code="d">1998-10-01</subfield>
    <subfield code="h">N&#xBA; 10/12 - oct./dic. 1998</subfield>
    <subfield code="l">0</subfield>
    <subfield code="o">H336.74 BOL 10/12.1998</subfield>
    <subfield code="p">R13525</subfield>
    <subfield code="r">2026-04-10 16:08:41</subfield>
    <subfield code="w">2026-04-10</subfield>
    <subfield code="y">RN</subfield>
  </datafield>
  <datafield tag="952" ind1=" " ind2=" ">
    <subfield code="0">0</subfield>
    <subfield code="1">0</subfield>
    <subfield code="4">0</subfield>
    <subfield code="7">0</subfield>
    <subfield code="a">BCEJYS</subfield>
    <subfield code="b">BCEJYS</subfield>
    <subfield code="c">17</subfield>
    <subfield code="d">1998-07-01</subfield>
    <subfield code="h">N&#xBA; 7/9 - jul./sep. 1998</subfield>
    <subfield code="l">0</subfield>
    <subfield code="o">H336.74 BOL 7/9.1998</subfield>
    <subfield code="p">R13524</subfield>
    <subfield code="r">2026-04-10 16:08:41</subfield>
    <subfield code="w">2026-04-10</subfield>
    <subfield code="y">RN</subfield>
  </datafield>
  <datafield tag="952" ind1=" " ind2=" ">
    <subfield code="0">0</subfield>
    <subfield code="1">0</subfield>
    <subfield code="4">0</subfield>
    <subfield code="7">0</subfield>
    <subfield code="a">BCEJYS</subfield>
    <subfield code="b">BCEJYS</subfield>
    <subfield code="c">17</subfield>
    <subfield code="d">1998-04-01</subfield>
    <subfield code="h">N&#xBA; 4/6 - abr./jun. 1998</subfield>
    <subfield code="l">0</subfield>
    <subfield code="o">H336.74 BOL 4/6.1998</subfield>
    <subfield code="p">R13523</subfield>
    <subfield code="r">2026-04-10 16:08:41</subfield>
    <subfield code="w">2026-04-10</subfield>
    <subfield code="y">RN</subfield>
  </datafield>
  <datafield tag="952" ind1=" " ind2=" ">
    <subfield code="0">0</subfield>
    <subfield code="1">0</subfield>
    <subfield code="4">0</subfield>
    <subfield code="7">0</subfield>
    <subfield code="a">BCEJYS</subfield>
    <subfield code="b">BCEJYS</subfield>
    <subfield code="c">17</subfield>
    <subfield code="d">1997-10-01</subfield>
    <subfield code="h">N&#xBA; 10/12 - oct./dic. 1997</subfield>
    <subfield code="l">0</subfield>
    <subfield code="o">H336.74 BOL 10/12.1997</subfield>
    <subfield code="p">R13522</subfield>
    <subfield code="r">2026-04-10 16:08:41</subfield>
    <subfield code="w">2026-04-10</subfield>
    <subfield code="y">RN</subfield>
  </datafield>
  <datafield tag="952" ind1=" " ind2=" ">
    <subfield code="0">0</subfield>
    <subfield code="1">0</subfield>
    <subfield code="4">0</subfield>
    <subfield code="7">0</subfield>
    <subfield code="a">BCEJYS</subfield>
    <subfield code="b">BCEJYS</subfield>
    <subfield code="c">17</subfield>
    <subfield code="d">1997-07-01</subfield>
    <subfield code="h">N&#xBA; 7/9 - jul./sep. 1997</subfield>
    <subfield code="l">0</subfield>
    <subfield code="o">H336.74 BOL 7/9.1997</subfield>
    <subfield code="p">R13521</subfield>
    <subfield code="r">2026-04-10 16:08:41</subfield>
    <subfield code="w">2026-04-10</subfield>
    <subfield code="y">RN</subfield>
  </datafield>
  <datafield tag="952" ind1=" " ind2=" ">
    <subfield code="0">0</subfield>
    <subfield code="1">0</subfield>
    <subfield code="4">0</subfield>
    <subfield code="7">0</subfield>
    <subfield code="a">BCEJYS</subfield>
    <subfield code="b">BCEJYS</subfield>
    <subfield code="c">17</subfield>
    <subfield code="d">1997-04-01</subfield>
    <subfield code="h">N&#xBA; 4/6 - abr./jun. 1997</subfield>
    <subfield code="l">0</subfield>
    <subfield code="o">H336.74 BOL 4/6.1997</subfield>
    <subfield code="p">R13520</subfield>
    <subfield code="r">2026-04-10 16:08:41</subfield>
    <subfield code="w">2026-04-10</subfield>
    <subfield code="y">RN</subfield>
  </datafield>
  <datafield tag="952" ind1=" " ind2=" ">
    <subfield code="0">0</subfield>
    <subfield code="1">0</subfield>
    <subfield code="4">0</subfield>
    <subfield code="7">0</subfield>
    <subfield code="a">BCEJYS</subfield>
    <subfield code="b">BCEJYS</subfield>
    <subfield code="c">17</subfield>
    <subfield code="d">1997-01-01</subfield>
    <subfield code="h">N&#xBA; 1/3 - ene./mar. 1997</subfield>
    <subfield code="l">0</subfield>
    <subfield code="o">H336.74 BOL 1/3.1997</subfield>
    <subfield code="p">R13519</subfield>
    <subfield code="r">2026-04-10 16:08:41</subfield>
    <subfield code="w">2026-04-10</subfield>
    <subfield code="y">RN</subfield>
  </datafield>
  <datafield tag="952" ind1=" " ind2=" ">
    <subfield code="0">0</subfield>
    <subfield code="1">0</subfield>
    <subfield code="4">0</subfield>
    <subfield code="7">0</subfield>
    <subfield code="a">BCEJYS</subfield>
    <subfield code="b">BCEJYS</subfield>
    <subfield code="c">17</subfield>
    <subfield code="d">1996-10-01</subfield>
    <subfield code="h">N&#xBA; 10/12 - oct./dic. 1996</subfield>
    <subfield code="l">0</subfield>
    <subfield code="o">H336.74 BOL 10/12.1996</subfield>
    <subfield code="p">R13518</subfield>
    <subfield code="r">2026-04-10 16:08:41</subfield>
    <subfield code="w">2026-04-10</subfield>
    <subfield code="y">RN</subfield>
  </datafield>
  <datafield tag="952" ind1=" " ind2=" ">
    <subfield code="0">0</subfield>
    <subfield code="1">0</subfield>
    <subfield code="4">0</subfield>
    <subfield code="7">0</subfield>
    <subfield code="a">BCEJYS</subfield>
    <subfield code="b">BCEJYS</subfield>
    <subfield code="c">17</subfield>
    <subfield code="d">1996-04-01</subfield>
    <subfield code="h">N&#xBA; 4/6 - abr./jun. 1996</subfield>
    <subfield code="l">0</subfield>
    <subfield code="o">H336.74 BOL 4/6.1996</subfield>
    <subfield code="p">R13517</subfield>
    <subfield code="r">2026-04-10 16:08:41</subfield>
    <subfield code="w">2026-04-10</subfield>
    <subfield code="y">RN</subfield>
  </datafield>
  <datafield tag="952" ind1=" " ind2=" ">
    <subfield code="0">0</subfield>
    <subfield code="1">0</subfield>
    <subfield code="4">0</subfield>
    <subfield code="7">0</subfield>
    <subfield code="a">BCEJYS</subfield>
    <subfield code="b">BCEJYS</subfield>
    <subfield code="c">17</subfield>
    <subfield code="d">1995-11-01</subfield>
    <subfield code="h">N&#xBA; 11/12 - nov./dic. 1995</subfield>
    <subfield code="l">0</subfield>
    <subfield code="o">H336.74 BOL 11/12.1995</subfield>
    <subfield code="p">R13516</subfield>
    <subfield code="r">2026-04-10 16:08:41</subfield>
    <subfield code="w">2026-04-10</subfield>
    <subfield code="y">RN</subfield>
  </datafield>
  <datafield tag="952" ind1=" " ind2=" ">
    <subfield code="0">0</subfield>
    <subfield code="1">0</subfield>
    <subfield code="4">0</subfield>
    <subfield code="7">0</subfield>
    <subfield code="a">BCEJYS</subfield>
    <subfield code="b">BCEJYS</subfield>
    <subfield code="c">17</subfield>
    <subfield code="d">1995-08-01</subfield>
    <subfield code="h">N&#xBA; 8/10 - ago./oct. 1995</subfield>
    <subfield code="l">0</subfield>
    <subfield code="o">H336.74 BOL 8/10.1995</subfield>
    <subfield code="p">R13515</subfield>
    <subfield code="r">2026-04-10 16:08:41</subfield>
    <subfield code="w">2026-04-10</subfield>
    <subfield code="y">RN</subfield>
  </datafield>
  <datafield tag="952" ind1=" " ind2=" ">
    <subfield code="0">0</subfield>
    <subfield code="1">0</subfield>
    <subfield code="4">0</subfield>
    <subfield code="7">0</subfield>
    <subfield code="a">BCEJYS</subfield>
    <subfield code="b">BCEJYS</subfield>
    <subfield code="c">17</subfield>
    <subfield code="d">1995-06-01</subfield>
    <subfield code="h">N&#xBA; 6/7 - jun./jul. 1995</subfield>
    <subfield code="l">0</subfield>
    <subfield code="o">H336.74 BOL 6/7.1995</subfield>
    <subfield code="p">R13514</subfield>
    <subfield code="r">2026-04-10 16:08:41</subfield>
    <subfield code="w">2026-04-10</subfield>
    <subfield code="y">RN</subfield>
  </datafield>
</record>
